000
00314nam a2200145Ia 4500
100
_a
Anil Agarwal ./ed
650
_a
General
942
_c
BK
654
_a
challenges
245
_a
The challenges of the Balance
260
_b
Knowledge Book
_c
2004
082
_a
333.7
_b
ANI
300
_a
388
546
_a
ENGLISH
999
_c
28312
_d
28312